Open Data Biblioteca Nacional de Portugal


República Portuguesa: Ministério da Cultura
Biblioteca Nacional de Portugal

Catálogo da BNP: acesso por Identificadores Unívocos
Registos Bibliográficos associados ao registo de autoridade

Etiqueta de registo: 00230nam 2200025 450
001 1379365
003 http://id.bnportugal.gov.pt/bib/catbnp/1379365
100 ## $a20060907d2005 k y0pory0103 ba
101 0# $apor$deng
102 ## $aPT
105 ## $ay m 001yy
106 ## $ar
200 1# $a A influência da estratégia na política dos preços de transferência nas empresas transnacionais$bTexto policopiado]$fAntónio Carlos de Oliveira Samagaio$gorient. João Carlos Carvalho das Neves
210 #9 $aLisboa$c[s.n.],$d2005
215 ## $a104, 3 f.$d30 cm
320 ## $aBibliografia, f. 94-103
328 #0 $bTese mestr.$cGestão/MBA$eInst. Superior de Economia e Gestão, Univ. Técnica de Lisboa$d2005
606 ## $aEmpresas multinacionais$xImportância dos preços de transferência internacionais$yPortugal$x[Teses]$2SIPOR$31296522
675 ## $a334.72/.75(469)(043)$vBN$zpor$31296515
675 ## $a338.53(043)$vBN$zpor$31223704
675 ## $a005.21(043)$vBN$zpor$31230150
700 #1 $aSamagaio,$bAntónio Carlos de Oliveira$31257402
702 #1 $aNeves,$bJoão Carvalho das$4727$347485
712 02 $aUniversidade Técnica de Lisboa.$bInstituto Superior de Economia e Gestão$4295$3108490
801 #0 $aPT$bBN$gRPC
966 ## $lBN$mFGMON$sS.C. 108090 V.$x1

Etiqueta de registo: 00254nam 2200025 450
001 2284340
003 http://id.bnportugal.gov.pt/bib/catbnp/2284340
100 ## $a20260414d2025 k y0pory01030103ba
101 0# $aeng$dpor
102 ## $aPT
105 ## $aa m 000yy
106 ## $ar
200 1# $aMangement control systems in public sector organizations$eunpacking drivers and impacts$fMaria Teresa de Almeida Monteiro Felicio$gsupervisores António Carlos de Oliveira Samagaio
210 #9 $aLisboa$c[s.n.],$d2025
215 ## $aXVII, 200 p.$cil.$d30 cm
328 #1 $aTese dout. Philosophy in Management, Universidade de Lisboa, 2025
700 #1 $aFelicio,$bMaria Teresa de Almeida Monteiro$31995650
702 #1 $aSamagaio,$bAntónio Carlos de Oliveira$4727$31257402
801 #0 $aPT$bBN$gRPC
966 ## $lBN$mFGMON$x1
971 ## $ccsilva$d20260414

OpendataBNP@bnportugal.pt | Mais informação sobre acesso aos dados BNP